Sociálne poistenie v Európskej únii Holandsko
Pokračovanie článku z predchádzajúceho čísla. Uplatňovanie jednotlivých zákonov týkajúcich sa sociálneho zabezpečenia v Holandsku. Zákon o nemocenských dávkach. Zákon o zdravotnom poistení. Zákon o zvláštnych zdravotníckych výdavkoch. Zákon o dávkach v nezamestnanosti. Zákon o doplnkových príspevkoc...
Na minha lista:
| Autor principal: | |
|---|---|
| Formato: | Capítulo de Livro |
| Idioma: | eslovaco |
| Assuntos: | |
| Tags: |
Sem tags, seja o primeiro a adicionar uma tag!
|
MARC
| LEADER | 00000naa$a2200000$$$4500 | ||
|---|---|---|---|
| 001 | 0076384 | ||
| 005 | 20230925075025.9 | ||
| 041 | 0 | |a slo | |
| 044 | |a SK | ||
| 245 | 1 | 0 | |a Sociálne poistenie v Európskej únii |b Holandsko |c Lenka Pastorková |
| 520 | |a Pokračovanie článku z predchádzajúceho čísla. Uplatňovanie jednotlivých zákonov týkajúcich sa sociálneho zabezpečenia v Holandsku. Zákon o nemocenských dávkach. Zákon o zdravotnom poistení. Zákon o zvláštnych zdravotníckych výdavkoch. Zákon o dávkach v nezamestnanosti. Zákon o doplnkových príspevkoch. Zákon o príjmoch pre staršie alebo čiastočne invalidné nezamestnané osoby. Zákon o príjmoch pre staršie alebo čiastočne invalidné v minulosti samostatne zárobkovo činné osoby. | ||
| 610 | 2 | 0 | |a poistenie sociálne |
| 610 | 2 | 0 | |a poistenie zdravotné |
| 610 | 2 | 0 | |a poistenie nemocenské |
| 610 | 2 | 0 | |a poistenie v nezamestnanosti |
| 610 | 2 | 0 | |a invalidita |
| 610 | 2 | 0 | |a dávky poistenia sociálneho |
| 610 | 2 | 0 | |a legislatíva |
| 610 | 2 | 0 | |a Holandsko |
| 100 | 1 | |a Pastorková, Lenka | |